Dynasties and regimes changes - France - Statistics

General Stats
  • This quiz has been taken 46 times
  • The average score is 11 of 13
Answer Stats
Dynasty/Regime Year % Correct
Provisional Government of the French Republic 1944
100%
French State (Vichy France) 1940
98%
First Empire 1804
95%
Bourbon Restauration 1814/1815
95%
Second Republic 1848
95%
Third Republic 1870
95%
Fourth Republic 1946
95%
First Republic 1792
93%
Second Empire 1852
90%
Fifth Republic 1958
90%
Orléans 1830
88%
Bourbon 1589
29%
Valois 1328
21%
No matching quizzes found
Score Distribution
Percent of People with Each Score
Percentile by Number Answered
Your Score History
You have not taken this quiz